000 00359nam a22001577a 4500
003 OSt
005 20250908145205.0
007 526 pages
008 250908b |||||||| |||| 00| 0 eng d
020 _a9789355517555
040 _c
245 _aLet us JAVA
_ckanetkar,Yashavant
250 _a7
260 _bBPB
_c2025
942 _2ddc
_cBK
_e7
_k005.133
_mKAN
_n0
999 _c36252
_d36252